000 00465nam a2200157Ia 4500
008 230711s9999||||xx |||||||||||||| ||und||
041 _aENG
082 _a624
_bBU-I
100 _aBureau of Indian Standard
245 0 _aIS : 657 1982
_bSpecification for materials for use in the manufacture of magenesium oxychloride floring
250 _a2nd
260 _c1982
_aNew Delhi
_bBureau of Indian Standard
300 _a11
650 _aCivil Engineering
942 _cBK
999 _c1495
_d1495